000
00284nam a22001217a 4500
008
181105b xxu||||| |||| 00| 0 eng d
041
_a
eng
080
_2
4th
_a
510
100
_a
36
101
_a
MAT
245
_a
Elementary and Intermediate Algebra
_c
Bittinger,M.L
942
_2
udc
_c
BK
999
_c
51807
_d
51807